Survey of accounting / (Record no. 47176)
[ view plain ]
| 000 -LEADER | |
|---|---|
| fixed length control field | 01082nam a2200157 4500 |
| 008 - FIXED-LENGTH DATA ELEMENTS--GENERAL INFORMATION | |
| fixed length control field | 161110b xxu||||| |||| 00| 0 eng d |
| 020 ## - INTERNATIONAL STANDARD BOOK NUMBER | |
| International Standard Book Number | 9780073379555 |
| 050 ## - LIBRARY OF CONGRESS CALL NUMBER | |
| Classification number | HF5636 |
| Item number | .S97 2010 |
| 245 ## - TITLE STATEMENT | |
| Title | Survey of accounting / |
| Statement of responsibility, etc | Thomas P. Edmonds ... [et al.] |
| 300 ## - PHYSICAL DESCRIPTION | |
| Extent | xxxv, 683 p. : |
| Other physical details | col. ill. ; |
| Dimensions | 29 cm |
| 500 ## - GENERAL NOTE | |
| General note | Includes index |
| 505 ## - FORMATTED CONTENTS NOTE | |
| Formatted contents note | An introduction to accounting -- Understanding the accounting cycle -- Accounting for merchandising businesses -- Accounting for inventories -- Accounting for receivables -- Accounting for long-term operational assets -- Accounting for liabilities -- proprietorships, partnerships, and corporations -- Financial statement analysis -- An introduction to managerial accounting -- Cost behavior, operating leverage, and profitability analysis -- Cost accumulation, tracing, and allocation -- Relevant information for special decisions -- Plans for profit and cost control -- Performance evaluation -- Planning for capital investments |
| 650 ## - SUBJECT ADDED ENTRY--TOPICAL TERM | |
| Topical term or geographic name as entry element | Accounting |
| 700 ## - ADDED ENTRY--PERSONAL NAME | |
| Personal name | Edmonds, Thomas P |
| 942 ## - ADDED ENTRY ELEMENTS (KOHA) | |
| Source of classification or shelving scheme | Library of Congress Classification |
| Item type | Book |
| Withdrawn status | Lost status | Source of classification or shelving scheme | Damaged status | Not for loan | Collection code | Home library | Current library | Shelving location | Date acquired | Source of acquisition | Cost, normal purchase price | Full call number | Barcode | Copy number | Price effective from | Koha item type |
|---|---|---|---|---|---|---|---|---|---|---|---|---|---|---|---|---|
| Library of Congress Classification | Non-fiction | Nairobi Campus | Nairobi Campus | General Circulation | 10/11/2016 | Donations | 500.00 | HF5636 .S97 2010 | 048331 | 1 | 10/11/2016 | Book |